Ben 10 Aliens - Statistics

General Stats
  • This quiz has been taken 234 times
    233 since last reset
  • The average score is 29 of 61
Answer Stats
Hint Answer % Correct
OS Heatblast
93%
Fourarms
89%
Diamondhead
83%
XLR8
81%
Upgrade
79%
Cannonbolt
77%
Grey Matter
77%
Wildmutt
77%
Stinkfly
75%
Ghostfreak
74%
Ripjaws
74%
Wildvine
74%
AF Swampfire
69%
Way Big
68%
Big Chill
66%
Jetray
62%
Alien X
61%
Echo Echo
60%
Upchuck
59%
Goop
56%
Ditto
55%
Spidermonkey
54%
Brainstorm
52%
Chromastone
52%
Blitzwolfer
51%
UA Water Hazard
46%
Frankenstrike
45%
Humungousaur
44%
NRG
44%
Snare-oh
44%
Rath
42%
OV Bloxx
41%
Eye Guy
41%
Terraspin
39%
Armodrillo
38%
Feedback
36%
Buzzshock
35%
Clockwork
35%
The Worst
34%
AmpFibian
32%
Atomix
32%
Gravattack
32%
Shocksquatch
32%
Arctiguana
31%
Fasttrack
31%
Lodestar
31%
Nanomech
30%
Pesky Dust
29%
Crashhopper
28%
Jury Rigg
28%
ChamAlien
26%
Eatle
26%
Kickin Hawk
26%
Whampire
26%
Walkatrout
25%
Molestache
24%
Astrodactyl
21%
Ball Weevil
21%
Toepick
20%
Bullfrag
19%
Gutrot
16%
No matching quizzes found
Score Distribution
Percent of People with Each Score
Percentile by Number Answered
Your Score History
You have not taken this quiz since the last reset